000 00515nam a22001937a 4500
005 20260604154351.0
008 260604b |||||||| |||| 00| 0 eng d
020 _a9789383931064
_c1995.00
040 _aMAIN
041 _aEnglish
082 _a658.421
_bPAN
100 _aPanda, Shiba C.
_924746
245 _aEntrepreneurship and the Underprivileged
260 _aNew Delhi
_bAcademic
_c2024
300 _a405
650 _aManagement (PM USHA)
_927020
700 _aKhuntia, Janmejoy
_924747
942 _cBK
999 _c61021
_d61021